<?xml version="1.0" encoding="UTF-8"?>
<marc:record xmlns:marc="http://www.loc.gov/MARC21/slim">
   <marc:leader>00000nam a2200000 a 4500</marc:leader>
   <marc:datafield ind1=" " ind2=" " tag="653">
      <marc:subfield code="a">Animationsfilm</marc:subfield>
   </marc:datafield>
   <marc:datafield ind1="0" ind2="0" tag="245">
      <marc:subfield code="a">Madagascar 1 [Bildtonträger]</marc:subfield>
   </marc:datafield>
   <marc:datafield ind1="0" ind2="0" tag="245">
      <marc:subfield code="b">ohne Altersbeschränkung</marc:subfield>
   </marc:datafield>
   <marc:datafield ind1=" " ind2="1" tag="264">
      <marc:subfield code="b">Dream Works Animation</marc:subfield>
      <marc:subfield code="c">2018</marc:subfield>
   </marc:datafield>
   <marc:datafield ind1="1" ind2=" " tag="520">
      <marc:subfield code="a">Der selbstverliebte Löwe Alex, das vorlaute Zebra Marty, die ständig panische Giraffe Melman und die divenhafte Nilpferd-Dame Gloria sind die absoluten Stars im Zoo des New Yorker Central Parks. Doch Marty ist traurig: Zu sehr beschäftigt ihn der Gedanke an die Freiheit. Als er eines Tages den Fluchtversuch einiger Pinguine belauscht, ist er verschwunden. Nach einer Verfolgungsjagd im New Yorker U-Bahn-Dschungel werden alle vier Freunde nach Afrika verfrachtet. Doch sie stranden auf Madagaskar.</marc:subfield>
   </marc:datafield>
</marc:record>
